| 000 | 00776nam0a22002291 4500 | ||
|---|---|---|---|
| 001 | RU\NLR\BIBL_A\022740732 | ||
| 005 | 20260421103947.0 | ||
| 035 | _a(NLR Aleph) 022740732 | ||
| 090 |
_a13557301 _c13557301 |
||
| 100 | _a20260302d1984 u y0rusy50 ca | ||
| 101 | 0 | _arus | |
| 102 | _aRU | ||
| 105 | _ay z|||000yy | ||
| 200 | 1 |
_aНАРОДНО-ОСВОБОДИТЕЛЬНАЯ ВОЙНА В КИТАЕ _e(1946-1950 гг) _fБ.Г. САПОЖНИКОВ |
|
| 210 |
_aМ. _cВоениздат _d1984 |
||
| 215 | _a158 с. | ||
| 700 | 1 |
_aСапожников _bБ. Г. _f1907-1986 _gБорис Григорьевич _3RU\NLR\AUTH\770292583 _4070 |
|
| 852 |
_aNLR _bОЛСАА-сл-спр _j2-2711 |
||
| 942 | _cBOOK | ||
| 980 | 1 | _aSL_SPR | |
| 980 | _aNB | ||